[Event "GER-chT North U12"]
[Site "Magdeburg"]
[Date "2012.09.08"]
[Round "5.1"]
[White "Wurst, Maximilian"]
[Black "Grigorian, Dawid"]
[Result "0-1"]
[WhiteElo "1005"]
[BlackElo "1250"]
[PlyCount "132"]
[EventDate "2012.09.06"]
[EventType "team-swiss"]
[EventRounds "7"]
[EventCountry "GER"]
[SourceTitle "EXT 2015"]
[Source "ChessBase"]
[SourceDate "2014.11.20"]
[SourceVersion "1"]
[SourceVersionDate "2014.11.20"]
[SourceQuality "1"]
[WhiteTeam "Rostock"]
[BlackTeam "Bremen West"]
[WhiteTeamCountry "GER"]
[BlackTeamCountry "GER"]

1. e4 c6 2. d4 d5 3. Nc3 dxe4 4. Bc4 Nf6 5. Bf4 Bf5 6. Nge2 a5 7. a3 e6 8. 0-0 Be7 9. Ng3 Bg6 10. Re1 Nd5 11. Bxd5 cxd5 12. Nb5 Na6 13. a4 0-0 14. c3 f6 15. f3 f5 16. Qe2 h6 17. Kh1 Be8 18. Kg1 g5 19. Be5 f4 20. Nf1 e3 21. h3 Bf6 22. Bd6 Bxb5 23. axb5 Qxd6 24. bxa6 Qxa6 25. Qxa6 Rxa6 26. Nh2 h5 27. Ra2 b5 28. Kf1 Rb8 29. b4 a4 30. Rea1 Rc8 31. Ra3 e5 32. Rd1 Re6 33. dxe5 Rxe5 34. Ke2 Kf7 35. Re1 Re7 36. Kd3 Rd7 37. Rc1 d4 38. c4 Be7 39. c5 Re8 40. Re1 Bf8 41. Nf1 Bg7 42. g3 Rde7 43. Re2 Kg6 44. g4 h4 45. Nh2 Kf6 46. Nf1 Ke5 47. Nh2 Rc7 48. Nf1 Rec8 49. Rc2 Kd5 50. Raa2 Bf8 51. Rab2 Ra8 52. Ra2 a3 53. Rc1 Ra4 54. Rb1 Re7 55. Ke2 Bg7 56. Nh2 Kc6 57. Rb3 Kd5 58. Rb1 Rd7 59. Kd3 Kc6 60. Nf1 e2 61. Kxe2 d3+ 62. Kd2 Bb2 63. Re1 Rxb4 64. Kd1 Rc4 65. Kd2 Rc2+ 66. Kd1 Rxc5 0-1

[Event "GER-chT North U12"]
[Site "Magdeburg"]
[Date "2012.09.06"]
[Round "2.1"]
[White "Grigorian, Dawid"]
[Black "Hoffmann, Simon"]
[Result "1-0"]
[WhiteElo "1250"]
[BlackElo "926"]
[PlyCount "97"]
[EventDate "2012.09.06"]
[EventType "team-swiss"]
[EventRounds "7"]
[EventCountry "GER"]
[SourceTitle "EXT 2015"]
[Source "ChessBase"]
[SourceDate "2014.11.20"]
[SourceVersion "1"]
[SourceVersionDate "2014.11.20"]
[SourceQuality "1"]
[WhiteTeam "Bremen West"]
[BlackTeam "Magdeburg USC"]
[WhiteTeamCountry "GER"]
[BlackTeamCountry "GER"]

1. e4 e5 2. Nf3 Nc6 3. Bb5 Nf6 4. 0-0 Nxe4 5. Re1 d5 6. d3 Nf6 7. Nxe5 Be7 8. Nxc6 bxc6 9. Bxc6+ Bd7 10. Bxa8 Qxa8 11. Nc3 0-0 12. Rxe7 Qd8 13. Qe2 h6 14. Bf4 d4 15. Nb1 Nd5 16. Re4 Bf5 17. Rxd4 Re8 18. Qd2 c5 19. Bc7 Qxc7 20. Rxd5 Bg6 21. Nc3 Qb6 22. b3 Qc7 23. Re1 Rf8 24. g3 Qc8 25. Ne4 Qh3 26. Rxc5 Bh5 27. Qf4 Bg4 28. Rc4 Re8 29. Re3 f6 30. Nxf6+ gxf6 31. Qxg4+ Qxg4 32. Rxg4+ Kf7 33. Rxe8 Kxe8 34. Rg7 a5 35. Kg2 Kf8 36. Ra7 Ke8 37. Kf3 a4 38. bxa4 h5 39. Ke4 h4 40. Kd5 hxg3 41. Ke6 Kd8 42. hxg3 Kc8 43. Rh7 Kd8 44. f4 f5 45. a5 Kc8 46. Kd6 Kb8 47. Kc6 Ka8 48. Kb6 Kb8 49. Rh8# 1-0

[Event "GER-chT North U12"]
[Site "Magdeburg"]
[Date "2012.09.06"]
[Round "1.1"]
[White "Schnabel, Bennett"]
[Black "Grigorian, Dawid"]
[Result "1-0"]
[WhiteElo "1703"]
[BlackElo "1250"]
[PlyCount "93"]
[EventDate "2012.09.06"]
[EventType "team-swiss"]
[EventRounds "7"]
[EventCountry "GER"]
[SourceTitle "EXT 2015"]
[Source "ChessBase"]
[SourceDate "2014.11.20"]
[SourceVersion "1"]
[SourceVersionDate "2014.11.20"]
[SourceQuality "1"]
[WhiteTeam "Baumschulenweg"]
[BlackTeam "Bremen West"]
[WhiteTeamCountry "GER"]
[BlackTeamCountry "GER"]

1. d4 d5 2. Nf3 Bf5 3. e3 Nf6 4. c4 e6 5. Qb3 b6 6. Nc3 a5 7. h3 Bb4 8. a3 Bxc3+ 9. bxc3 0-0 10. Be2 Ne4 11. 0-0 c5 12. Rd1 a4 13. Qb2 Nd6 14. cxd5 exd5 15. dxc5 bxc5 16. Rxd5 Be4 17. Rxc5 Re8 18. Ng5 Qf6 19. Nxe4 Nxe4 20. Bf3 Nxc5 21. Bxa8 Nd3 22. Qc2 Nxc1 23. Rxc1 g6 24. Qxa4 Rd8 25. Rd1 Rc8 26. c4 Na6 27. Bf3 Rb8 28. Qd7 Nc5 29. Qd6 Qxd6 30. Rxd6 Rb3 31. Rd8+ Kg7 32. Ra8 Kf6 33. Bd5 Rb2 34. a4 Nd3 35. a5 h5 36. a6 h4 37. g3 Nxf2 38. gxh4 Nxh3+ 39. Kf1 g5 40. hxg5+ Nxg5 41. a7 Ra2 42. c5 Ra3 43. c6 Ke7 44. c7 Rxa7 45. c8Q Rd7 46. e4 f5 47. Qf8# 1-0